[Event "SVM_Regionalliga_2023-24"]
[Site "?"]
[Date "2024.01.14"]
[Round "6.4"]
[White "Vanstreels, Luc"]
[Black "Horbach, Fabian"]
[Result "1-0"]
[WhiteElo "2062"]
[BlackElo "1956"]
[PlyCount "103"]
[EventDate "2024.01.14"]
[SourceDate "2024.01.14"]
[WhiteTeam "DJK Aufwärts Aachen 1"]
[BlackTeam "SV Herzogenrath 1"]

1. d4 Nf6 2. Nd2 d5 3. e3 e6 4. Bd3 Be7 5. f4 O-O 6. Ngf3 b6 7. Ne5 Ba6 8. O-O
Bxd3 9. cxd3 c5 10. Ndf3 Qc7 11. Bd2 Nbd7 12. Rc1 Qb7 13. g4 Rac8 14. g5 Nxe5
15. Nxe5 Nd7 16. Qh5 Nxe5 17. fxe5 Qa6 18. Bc3 Qxd3 19. Rf3 Qg6 20. Qxg6 fxg6
21. Rg3 Rf5 22. h4 cxd4 23. exd4 Rf4 24. Rf1 Rxh4 25. Kg2 Re4 26. Rf2 Rf8 27.
Rxf8+ Bxf8 28. Kf3 Kf7 29. b4 Rh4 30. Kg2 Be7 31. b5 h6 32. Bb2 Re4 33. Kf3
Bxg5 34. Rg2 Be3 35. Rc2 Bxd4 36. Rc7+ Kg8 37. Bxd4 Rxd4 38. Rxa7 Rb4 39. a4 h5
40. Re7 Rxa4 41. Rxe6 g5 42. Rxb6 Ra3+ 43. Kf2 Rb3 44. e6 Kf8 45. Rb7 g4 46. b6
g3+ 47. Kg2 h4 48. Rb8+ Ke7 49. b7 Rb2+ 50. Kh3 Rh2+ 51. Kg4 g2 52. Kf5 1-0

[Event "SVM_Regionalliga_2023-24"]
[Site "?"]
[Date "2024.01.14"]
[Round "6.5"]
[White "Samraoui, Mekki"]
[Black "Höfken, Tom"]
[Result "0-1"]
[WhiteElo "1886"]
[BlackElo "2033"]
[PlyCount "68"]
[EventDate "2024.01.14"]
[SourceDate "2024.01.14"]
[WhiteTeam "SV Herzogenrath 1"]
[BlackTeam "DJK Aufwärts Aachen 1"]

1. d4 Nf6 2. Bf4 g6 3. Nc3 d5 4. e3 Bg7 5. f3 c5 6. Nge2 O-O 7. Qd2 Qa5 8.
O-O-O b5 9. dxc5 b4 10. Nxd5 Nxd5 11. Qxd5 Bxb2+ 12. Kxb2 Qa3+ 13. Kb1 Be6 14.
Qd3 Qxa2+ 15. Kc1 Na6 16. Nd4 Nxc5 17. Qb5 Qa1+ 18. Kd2 Qc3+ 19. Kc1 Rac8 20.
Bd3 a6 21. Qa5 Nxd3+ 22. Rxd3 Qxd3 23. Qxb4 Rxc2+ 24. Nxc2 Rc8 25. Qd2 Qa3+ 26.
Kd1 Bb3 27. Re1 Rxc2 28. Qd8+ Kg7 29. Be5+ f6 30. Bxf6+ exf6 31. Qd7+ Kf8 32.
Qd8+ Kf7 33. Qd7+ Qe7 34. Qxe7+ Kxe7 0-1

[Event "SVM_Regionalliga_2023-24"]
[Site "?"]
[Date "2024.01.14"]
[Round "6.6"]
[White "Dönitz, Christian"]
[Black "Haverkamp, Klaus"]
[Result "1/2-1/2"]
[WhiteElo "1943"]
[BlackElo "1872"]
[PlyCount "42"]
[EventDate "2024.01.14"]
[SourceDate "2024.01.14"]
[WhiteTeam "DJK Aufwärts Aachen 1"]
[BlackTeam "SV Herzogenrath 1"]

1. e4 e5 2. Bc4 Nf6 3. Nc3 Nc6 4. d3 h6 5. f4 Bc5 6. f5 a6 7. a3 b5 8. Ba2 Bb7
9. Nf3 d6 10. Qe2 Nd4 11. Nxd4 Bxd4 12. g4 Nd7 13. h4 Nb6 14. Be3 Bxe3 15. Qxe3
Qe7 16. O-O-O O-O-O 17. Bd5 Nxd5 18. Nxd5 Bxd5 19. exd5 Kb7 20. Rde1 f6 21. Qd2
Qd7 1/2-1/2

[Event "SVM_Regionalliga_2023-24"]
[Site "?"]
[Date "2024.01.14"]
[Round "6.7"]
[White "Arns, Danny"]
[Black "Deider, Kevin"]
[Result "1-0"]
[WhiteElo "1904"]
[BlackElo "1887"]
[PlyCount "81"]
[EventDate "2024.01.14"]
[SourceDate "2024.01.14"]
[WhiteTeam "SV Herzogenrath 1"]
[BlackTeam "DJK Aufwärts Aachen 1"]

1. e4 c5 2. Nc3 e6 3. f4 d5 4. Bb5+ Bd7 5. Bxd7+ Qxd7 6. d3 Nc6 7. Nf3 O-O-O 8.
O-O d4 9. Nb1 Bd6 10. a4 f6 11. Na3 Nge7 12. Nc4 Ng6 13. g3 h5 14. Bd2 h4 15.
Nxd6+ Qxd6 16. f5 exf5 17. exf5 Nge7 18. Nxh4 Ne5 19. Bf4 Nd5 20. Qe2 Rde8 21.
Rae1 Kd7 22. Qg2 Qc6 23. Bxe5 fxe5 24. Ng6 Ne3 25. Qxc6+ Kxc6 26. Rxe3 dxe3 27.
Nxh8 Rxh8 28. Re1 Rh5 29. g4 Rh4 30. h3 Rxh3 31. Kg2 Rh8 32. Rxe3 Kd5 33. Rh3
Rc8 34. Rh7 c4 35. Rxg7 cxd3 36. cxd3 Rc2+ 37. Kg3 Rxb2 38. Rd7+ Kc6 39. Rd8
Kc7 40. Rd5 Rb3 41. f6 1-0

[Event "SVM_Regionalliga_2023-24"]
[Site "?"]
[Date "2024.01.14"]
[Round "6.8"]
[White "Hennicken, Reinhard"]
[Black "Schmitt, Lars"]
[Result "0-1"]
[WhiteElo "1952"]
[BlackElo "1816"]
[PlyCount "100"]
[EventDate "2024.01.14"]
[SourceDate "2024.01.14"]
[WhiteTeam "DJK Aufwärts Aachen 1"]
[BlackTeam "SV Herzogenrath 1"]

1. e4 e6 2. d4 d5 3. Nd2 Nf6 4. e5 Nfd7 5. Bd3 c5 6. c3 Nc6 7. Ndf3 cxd4 8.
cxd4 f6 9. Ng5 Bb4+ 10. Kf1 fxg5 11. Qh5+ Kf8 12. Nf3 Qe8 13. Qxg5 Kg8 14. h4
Nf8 15. h5 Bd7 16. Rh3 Qf7 17. Qg4 Be7 18. Bh6 g6 19. Rg3 Be8 20. Rc1 a6 21. a3
Na7 22. Kg1 Rc8 23. Rxc8 Nxc8 24. Ng5 Bxg5 25. Rf3 Qxf3 26. Qxf3 Bxh6 27. Qf6
Na7 28. Qe7 Bb5 29. Qxb7 Bxd3 30. Qxa7 gxh5 31. Qe7 Bg7 32. b4 h6 33. a4 Rh7
34. Qe8 Bh8 35. Qxh5 Rb7 36. Qf3 Bc4 37. Qc3 Bg7 38. f4 Nh7 39. g4 Bf8 40. b5
axb5 41. axb5 Rxb5 42. Qc2 Kg7 43. f5 Ng5 44. f6+ Kf7 45. Kg2 Ra5 46. Qb1 Ra2+
47. Kg3 Ne4+ 48. Kh3 Rf2 49. Qb7+ Kg6 50. g5 Kxg5 0-1

[Event "SVM_Regionalliga_2023-24"]
[Site "?"]
[Date "2024.01.14"]
[Round "6.1"]
[White "Hess, Christian"]
[Black "Radler, Alexander"]
[Result "1/2-1/2"]
[WhiteElo "1995"]
[BlackElo "1677"]
[PlyCount "80"]
[EventDate "2024.01.14"]
[SourceDate "2024.01.14"]
[WhiteTeam "Langenfelder SF 2"]
[BlackTeam "Eschweiler SC 1"]

1. e4 c5 2. Nf3 Nc6 3. d4 cxd4 4. Nxd4 Nf6 5. Nc3 e5 6. Ndb5 d6 7. Bg5 a6 8.
Na3 b5 9. Nd5 Be7 10. Bxf6 Bxf6 11. c3 Bg5 12. h4 Bh6 13. Nc2 Be6 14. Nce3 Ne7
15. a4 Rb8 16. axb5 axb5 17. Ra7 Bxe3 18. Rxe7+ Kf8 19. Rxe6 Bxf2+ 20. Kxf2
fxe6 21. Ne3 Qb6 22. Rh3 Ke7 23. Qg4 Rbf8+ 24. Rf3 Rxf3+ 25. gxf3 Kf7 26. Bh3
Re8 27. Qh5+ Kf8 28. Qxh7 b4 29. Qh8+ Kf7 30. Qh5+ Kf8 31. Qh8+ Kf7 32. Qh5+
Kf8 33. Qg6 bxc3 34. bxc3 Qb2+ 35. Kg3 Qxc3 36. Bxe6 Qe1+ 37. Kg2 Qe2+ 38. Kg3
Qe1+ 39. Kg2 Qe2+ 40. Kg3 Qe1+ 1/2-1/2

[Event "SVM_Regionalliga_2023-24"]
[Site "?"]
[Date "2024.01.14"]
[Round "6.2"]
[White "Schüller, Tobias"]
[Black "Schulte-Lentz, Christian"]
[Result "1/2-1/2"]
[WhiteElo "1988"]
[BlackElo "2043"]
[PlyCount "25"]
[EventDate "2024.01.14"]
[SourceDate "2024.01.14"]
[WhiteTeam "Eschweiler SC 1"]
[BlackTeam "Langenfelder SF 2"]

1. d4 d5 2. c3 Nf6 3. Bf4 c5 4. e3 Nc6 5. Nd2 cxd4 6. exd4 Bf5 7. Qb3 Qc8 8. h3
e6 9. Ngf3 h6 10. Be2 Be7 11. O-O O-O 12. Ne5 Nxe5 13. Bxe5 1/2-1/2

[Event "SVM_Regionalliga_2023-24"]
[Site "?"]
[Date "2024.01.14"]
[Round "6.3"]
[White "Weisshaupt, Rainer"]
[Black "Henrotte, Nils"]
[Result "1/2-1/2"]
[WhiteElo "1943"]
[BlackElo "1971"]
[PlyCount "105"]
[EventDate "2024.01.14"]
[SourceDate "2024.01.14"]
[WhiteTeam "Langenfelder SF 2"]
[BlackTeam "Eschweiler SC 1"]

1. e4 e6 2. Nc3 d5 3. Nf3 d4 4. Ne2 c5 5. Ng3 Nc6 6. Bc4 g5 7. d3 g4 8. Ng1 h5
9. f4 Qc7 10. N1e2 Bd7 11. a3 Bg7 12. Bd2 Nge7 13. b4 Ng6 14. e5 Ncxe5 15. fxe5
Bxe5 16. Ne4 b5 17. Bxb5 Bxb5 18. bxc5 Bc6 19. O-O Bxh2+ 20. Kh1 Bxe4 21. dxe4
Be5 22. c3 dxc3 23. Qa4+ Kf8 24. Bxc3 Bxc3 25. Nxc3 Qxc5 26. Qb4 Qxb4 27. axb4
Ke7 28. Nb5 a6 29. Nc7 Ra7 30. Nxa6 Rha8 31. b5 Rb7 32. Rab1 Rc8 33. Rb4 Ne5
34. Kh2 Rc2 35. b6 h4 36. Rb5 Nd7 37. Rf4 h3 38. Rxg4 Rxg2+ 39. Kxh3 Rxg4 40.
Kxg4 f6 41. Nc5 Rxb6 42. Rxb6 Nxb6 43. Kf3 Kd6 44. Nd3 Nc4 45. Kf4 Ne5 46. Nf2
Kc5 47. Ke3 Kc4 48. Nh3 Nd3 49. Ng1 Ne1 50. Nh3 Nd3 51. Ng1 Ne5 52. Ne2 Kc5 53.
Ng3 1/2-1/2

[Event "SVM_Regionalliga_2023-24"]
[Site "?"]
[Date "2024.01.14"]
[Round "6.4"]
[White "Kaluza, Josef"]
[Black "Hess, Dennis"]
[Result "1-0"]
[WhiteElo "2032"]
[BlackElo "1925"]
[PlyCount "75"]
[EventDate "2024.01.14"]
[SourceDate "2024.01.14"]
[WhiteTeam "Eschweiler SC 1"]
[BlackTeam "Langenfelder SF 2"]

1. b3 e5 2. Bb2 Nc6 3. e3 a6 4. Ne2 d6 5. d4 Bg4 6. h3 Qh4 7. g3 Qh5 8. Bg2
Bxe2 9. Qxe2 Qxe2+ 10. Kxe2 Nge7 11. a3 exd4 12. exd4 d5 13. Nd2 O-O-O 14. Kd3
g6 15. Rhe1 Bg7 16. c3 Rd7 17. a4 f5 18. Ba3 Bf6 19. Re6 Rf8 20. Rae1 Rf7 21.
b4 Nd8 22. R6e2 b5 23. Nb3 Nb7 24. a5 Bg5 25. Re6 c6 26. h4 Bf6 27. h5 Bg5 28.
Bc1 Bxc1 29. Nxc1 Nd8 30. hxg6 hxg6 31. R6e2 Rh7 32. Ke3 Nb7 33. Nd3 Kd8 34.
Kf4 Rd6 35. Bf3 Kd7 36. g4 fxg4 37. Bxg4+ Kd8 38. Kg5 {Zeitüberschreitung} 1-0

[Event "SVM_Regionalliga_2023-24"]
[Site "?"]
[Date "2024.01.14"]
[Round "6.5"]
[White "Bosbach, Jens"]
[Black "Spies, Ulrich"]
[Result "1/2-1/2"]
[WhiteElo "1847"]
[BlackElo "1866"]
[PlyCount "64"]
[EventDate "2024.01.14"]
[SourceDate "2024.01.14"]
[WhiteTeam "Langenfelder SF 2"]
[BlackTeam "Eschweiler SC 1"]

1. d4 d5 2. Nf3 Nf6 3. e3 e6 4. Nbd2 Nbd7 5. Bd3 Be7 6. O-O O-O 7. b3 b6 8. Bb2
Bb7 9. c4 dxc4 10. Nxc4 c5 11. Qe2 cxd4 12. Nxd4 Nc5 13. Bc2 Qd5 14. f3 Ba6 15.
Rfd1 Qb7 16. b4 Bxc4 17. Qxc4 Na6 18. b5 Nb4 19. Bb3 Nbd5 20. Qe2 Rac8 21. Nc6
Bc5 22. Bd4 Bxd4 23. Rxd4 Ne7 24. Nxe7+ Qxe7 25. Rad1 Rfd8 26. Qd2 Rxd4 27.
Qxd4 h6 28. Rd2 Qc5 29. Rc2 Qf8 30. Rc6 Rd8 31. Qc3 Qe7 32. Rc7 Rd7 1/2-1/2

[Event "SVM_Regionalliga_2023-24"]
[Site "?"]
[Date "2024.01.14"]
[Round "6.6"]
[White "Singh, Marcel"]
[Black "Unshelm, Jan Erik"]
[Result "0-1"]
[WhiteElo "1844"]
[BlackElo "1378"]
[PlyCount "88"]
[EventDate "2024.01.14"]
[SourceDate "2024.01.14"]
[WhiteTeam "Eschweiler SC 1"]
[BlackTeam "Langenfelder SF 2"]

1. e4 c5 2. c3 Nf6 3. e5 Nd5 4. d4 cxd4 5. cxd4 d6 6. Bc4 dxe5 7. Qb3 e6 8.
dxe5 Nb6 9. Be2 Nc6 10. Nf3 Be7 11. O-O Qc7 12. Bf4 Nd5 13. Bg3 O-O 14. Nc3
Nxc3 15. Qxc3 Bd7 16. Rac1 Rac8 17. Rfd1 Rfd8 18. Qe3 a6 19. Bd3 b5 20. Qe4 g6
21. Bh4 Bxh4 22. Qxh4 h5 23. Qf6 Be8 24. Be4 Nxe5 25. Qg5 Rxd1+ 26. Rxd1 Nxf3+
27. Bxf3 Qc5 28. Qf6 Bc6 29. Bxc6 Qxc6 30. a3 Qc2 31. Re1 Qd2 32. Kf1 Rc1 33.
Rxc1 Qxc1+ 34. Ke2 Qc2+ 35. Ke1 Qe4+ 36. Kf1 Qd5 37. f3 e5 38. Qxa6 Qd1+ 39.
Kf2 Qd2+ 40. Kg3 Qe1+ 41. Kh3 g5 42. Qa8+ Kg7 43. Qe4 g4+ 44. fxg4 Qxe4 0-1

[Event "SVM_Regionalliga_2023-24"]
[Site "?"]
[Date "2024.01.14"]
[Round "6.7"]
[White "Schaffeld, Martin"]
[Black "Bieberle, Gerhart"]
[Result "0-1"]
[WhiteElo "1554"]
[BlackElo "1780"]
[PlyCount "120"]
[EventDate "2024.01.14"]
[SourceDate "2024.01.14"]
[WhiteTeam "Langenfelder SF 2"]
[BlackTeam "Eschweiler SC 1"]

1. d4 Nf6 2. Bf4 b6 3. e3 Bb7 4. c4 d6 5. Nf3 e6 6. Nc3 Be7 7. Bd3 O-O 8. O-O
Nh5 9. Be4 Bxe4 10. Nxe4 Nxf4 11. exf4 Nd7 12. Re1 Re8 13. Qc2 g6 14. Rad1 Nf6
15. d5 exd5 16. cxd5 Rc8 17. Nxf6+ Bxf6 18. b3 Qd7 19. Qd3 a5 20. Nd4 Bxd4 21.
Qxd4 Re7 22. Re3 Rce8 23. Rde1 Rxe3 24. fxe3 c5 25. dxc6 Qxc6 26. Rd1 Re6 27.
Kf2 h5 28. Rd2 Kf8 29. Qd5 Qc5 30. Qxc5 dxc5 31. Rd8+ Ke7 32. Rb8 Rd6 33. Ke2
f5 34. Rb7+ Ke6 35. Rg7 Kd5 36. Kd3 Kc6+ 37. Kc3 Re6 38. Kd3 Kb5 39. a3 a4 40.
bxa4+ Kxa4 41. Ra7+ Kb3 42. a4 Rd6+ 43. Ke2 c4 44. a5 bxa5 45. Rxa5 c3 46. Rb5+
Kc2 47. Rc5 Rd2+ 48. Kf3 Kb2 49. e4 fxe4+ 50. Kxe4 Rxg2 51. Rb5+ Kc2 52. Ra5
Rd2 53. Ra6 Kd1 54. Rxg6 Rxh2 55. Kd3 Rh3+ 56. Ke4 c2 57. Rg1+ Kd2 58. Rg2+ Kc3
59. Rg1 Kb2 60. Rg2 Kb1 0-1

[Event "SVM_Regionalliga_2023-24"]
[Site "?"]
[Date "2024.01.14"]
[Round "6.1"]
[White "Vandenbergen, Nicolas"]
[Black "Mainka, Alwin"]
[Result "0-1"]
[WhiteElo "2133"]
[BlackElo "2163"]
[PlyCount "34"]
[EventDate "2024.01.14"]
[SourceDate "2024.01.14"]
[WhiteTeam "Turm Euskirchen 1"]
[BlackTeam "Arminia Eilendorf 1"]

1. Nc3 c5 2. e4 g6 3. d4 cxd4 4. Qxd4 Nf6 5. Bb5 a6 6. Ba4 b5 7. Bb3 Nc6 8. Qe3
Bg7 9. f4 d6 10. Nf3 O-O 11. e5 dxe5 12. fxe5 Ng4 13. Qe4 Qb6 14. Rf1 Bf5 15.
Qf4 Ncxe5 16. Ng5 h6 17. Nge4 Nc4 0-1

[Event "SVM_Regionalliga_2023-24"]
[Site "?"]
[Date "2024.01.14"]
[Round "6.2"]
[White "Souren, Jürgen"]
[Black "Brinkmann, Sven"]
[Result "1/2-1/2"]
[WhiteElo "2138"]
[BlackElo "1998"]
[PlyCount "57"]
[EventDate "2024.01.14"]
[SourceDate "2024.01.14"]
[WhiteTeam "Arminia Eilendorf 1"]
[BlackTeam "Turm Euskirchen 1"]

1. g3 Nf6 2. Bg2 d5 3. d3 e5 4. Nf3 Bd6 5. O-O O-O 6. Nc3 c6 7. e4 dxe4 8. dxe4
Be6 9. h3 Bc4 10. Re1 Qe7 11. Nh4 g6 12. Bg5 Qe6 13. Qf3 Nbd7 14. Rad1 Rad8 15.
Rd2 Be7 16. Red1 Nc5 17. b3 Ba6 18. Qe3 b6 19. Bh6 Rxd2 20. Rxd2 Rd8 21. Nf5
Rxd2 22. Qxd2 Nfd7 23. Nxe7+ Qxe7 24. h4 Ne6 25. Nd1 Ndc5 26. Ne3 Qd7 27. Qe1
Qd4 28. c3 Qd6 29. Ng4 {(=)} 1/2-1/2

[Event "SVM_Regionalliga_2023-24"]
[Site "?"]
[Date "2024.01.14"]
[Round "6.3"]
[White "Neubauer, Jürgen"]
[Black "Sassenscheidt, Frank"]
[Result "1-0"]
[WhiteElo "1963"]
[BlackElo "1976"]
[PlyCount "127"]
[EventDate "2024.01.14"]
[SourceDate "2024.01.14"]
[WhiteTeam "Turm Euskirchen 1"]
[BlackTeam "Arminia Eilendorf 1"]

1. e4 e6 2. Nf3 d5 3. e5 c5 4. b4 d4 5. g3 cxb4 6. Bg2 Nc6 7. O-O Bc5 8. Qe2
Nge7 9. Bb2 O-O 10. Re1 h6 11. a3 Rb8 12. axb4 Nxb4 13. d3 b5 14. Na3 Bb7 15.
Nd2 Bxg2 16. Kxg2 Qd5+ 17. Kg1 Rfc8 18. Nb3 Bb6 19. Qd2 a5 20. Re4 Nbc6 21.
Rae1 a4 22. Rg4 Nf5 23. Nc1 Nxe5 24. Rxe5 Qxe5 25. Ne2 Bc5 26. Nf4 Qd6 27. Nh5
Kh7 28. Nb1 a3 29. Bc1 e5 30. Nxa3 Bb4 31. Qe2 Bxa3 32. Bxa3 Qxa3 33. Qxe5 Qf8
34. Qxf5+ Kh8 35. Rxg7 Qxg7 36. Nxg7 Kxg7 37. Qe5+ Kg8 38. Qxd4 Rxc2 39. Qg4+
Kh7 40. Qf4 Rf8 {(=)} 41. Qf5+ Kg7 42. Qxb5 Rfc8 43. Qe5+ Kg8 44. d4 Rd2 45.
Qf4 Rcc2 46. h4 Rd1+ 47. Kg2 Rcd2 48. Qxh6 Rxd4 49. Qg5+ Kh7 50. Qf6 Rd7 51. g4
R1d6 52. Qf5+ Kg8 53. f3 Rd5 54. Qf4 Rd1 55. Qg5+ Kh7 56. Qf5+ Kg8 57. Qc5 R7d5
58. Qe3 R1d3 59. Qe8+ Kg7 60. h5 Rd8 61. Qe5+ Kh7 62. Qf5+ Kg8 63. Qg5+ Kf8 64.
h6 1-0

[Event "SVM_Regionalliga_2023-24"]
[Site "?"]
[Date "2024.01.14"]
[Round "6.4"]
[White "Alms, Frithjof"]
[Black "Hack, Thomas"]
[Result "1/2-1/2"]
[WhiteElo "1811"]
[BlackElo "1934"]
[PlyCount "139"]
[EventDate "2024.01.14"]
[SourceDate "2024.01.14"]
[WhiteTeam "Arminia Eilendorf 1"]
[BlackTeam "Turm Euskirchen 1"]

1. e4 c5 2. Nf3 d6 3. d4 cxd4 4. Nxd4 Nf6 5. Nc3 a6 6. a4 e5 7. Nf3 Be6 8. Bg5
Nbd7 9. Be2 Qb6 10. Rb1 Qb4 11. Bxf6 Nxf6 12. Bd3 Be7 13. O-O O-O 14. Re1 Rfd8
15. Qe2 Rac8 16. h3 Bd7 17. Red1 Bxa4 18. Nxa4 Qxa4 19. c3 Nd7 20. Bc2 Qc4 21.
Qe3 Qe6 22. Rd2 h6 23. Rbd1 Qc4 24. Bd3 Qb3 25. Rb1 Qb6 26. Qe2 Qc6 27. Bc2 Nc5
28. Rbd1 Ne6 29. g3 Qc4 30. Qxc4 Rxc4 31. Re2 Rc7 32. Kg2 Rdc8 33. Ra1 Kf8 34.
Rd2 Nc5 35. Ne1 h5 36. h4 g6 37. f3 Rc6 38. Rad1 Kg7 39. Nd3 Nxd3 40. Rxd3 Rb6
41. b3 f5 42. c4 Kf6 43. exf5 gxf5 44. Re1 Rg8 45. Kh3 Rc6 46. Rd5 Rg7 47. Red1
Bf8 48. Bd3 Ke6 49. Be2 Be7 50. Bd3 Rc8 51. Be2 Rcg8 52. Rg1 Rh8 53. Rdd1 Bd8
54. Bd3 Bb6 55. Rg2 Bc5 56. Re1 Rf8 57. Rge2 Bd4 58. Rd1 f4 59. gxf4 Rxf4 60.
Be4 b6 61. Rdd2 Kd7 62. Rg2 Rff7 63. Rxg7 Rxg7 64. Rg2 Rxg2 65. Kxg2 Ke6 66.
Bg6 d5 67. cxd5+ Kxd5 68. Bxh5 Ke6 69. Bg4+ Kf6 70. Kf1 1/2-1/2

[Event "SVM_Regionalliga_2023-24"]
[Site "?"]
[Date "2024.01.14"]
[Round "6.5"]
[White "Reckers, Sebastian"]
[Black "Mainka, Ingmar"]
[Result "0-1"]
[WhiteElo "1865"]
[BlackElo "1850"]
[PlyCount "112"]
[EventDate "2024.01.14"]
[SourceDate "2024.01.14"]
[WhiteTeam "Turm Euskirchen 1"]
[BlackTeam "Arminia Eilendorf 1"]

1. e4 c5 2. Nf3 Nc6 3. d4 cxd4 4. Nxd4 g6 5. c4 Bg7 6. Be3 Nf6 7. Nc3 d6 8. f3
O-O 9. Rc1 a5 10. Be2 Bd7 11. Ndb5 Rc8 12. O-O Ne5 13. Na3 Bc6 14. Qd2 Ned7 15.
Rfd1 a4 16. Qc2 Qa5 17. Nab5 Bxb5 18. Nxb5 Nc5 19. b4 axb3 20. axb3 Nfd7 21.
Rb1 Ra8 22. b4 Qa2 23. Qxa2 Rxa2 24. bxc5 Rxe2 25. cxd6 exd6 26. Bd4 Ra8 27.
Ra1 Bxd4+ 28. Nxd4 Rxa1 29. Rxa1 Rd2 30. Nb3 Rb2 31. Na5 Nc5 32. Ra3 Kg7 33. h4
Kf6 34. Kh2 Ke5 35. Kh3 h5 36. Kg3 f6 37. Kh3 Kf4 38. g3+ Ke5 39. Ra1 g5 40.
hxg5 fxg5 41. Rf1 g4+ 42. fxg4 hxg4+ 43. Kxg4 Ra2 44. Rf5+ Ke6 45. Nxb7 Nxb7
46. Rh5 Ra4 47. Kf4 Rxc4 48. Rh6+ Kd7 49. Rh7+ Kc6 50. Kf5 Rc5+ 51. Kf6 Re5 52.
g4 Nc5 53. Rh5 Nxe4+ 54. Kg6 Re6+ 55. Kf7 Rf6+ 56. Kg7 Rf4 0-1

[Event "SVM_Regionalliga_2023-24"]
[Site "?"]
[Date "2024.01.14"]
[Round "6.6"]
[White "Mainka, Irmin"]
[Black "Lobe, Sandra"]
[Result "1-0"]
[WhiteElo "1798"]
[BlackElo "1783"]
[PlyCount "56"]
[EventDate "2024.01.14"]
[SourceDate "2024.01.14"]
[WhiteTeam "Arminia Eilendorf 1"]
[BlackTeam "Turm Euskirchen 1"]

1. e4 d6 2. d4 Nf6 3. Nc3 g6 4. Nf3 Bg7 5. Bc4 O-O 6. Bg5 c6 7. e5 Nd5 8. O-O
Nxc3 9. bxc3 d5 10. Bb3 Be6 11. Re1 Nd7 12. Qd3 Nb6 13. Rab1 Qd7 14. a4 Nc4 15.
h3 b5 16. axb5 cxb5 17. Bxc4 dxc4 18. Qe3 a5 19. Nd2 Rfb8 20. Ne4 Qc7 21. Rb2
b4 22. Nc5 b3 23. Ra1 Bd5 24. e6 fxe6 25. Nxe6 Bxe6 26. Qxe6+ Kh8 27. cxb3 a4
28. b4 Rb7 {Zeitueberschreitung von Schwarz} 1-0

[Event "SVM_Regionalliga_2023-24"]
[Site "?"]
[Date "2024.01.14"]
[Round "6.7"]
[White "Bauchmüller, Heinrich"]
[Black "Nguyen, Tuan-Anh"]
[Result "0-1"]
[WhiteElo "1465"]
[BlackElo "1763"]
[PlyCount "82"]
[EventDate "2024.01.14"]
[SourceDate "2024.01.14"]
[WhiteTeam "Turm Euskirchen 1"]
[BlackTeam "Arminia Eilendorf 1"]

1. c4 e5 2. Nc3 Nf6 3. d3 c6 4. e3 g6 5. Nge2 Bg7 6. Rb1 O-O 7. b4 d5 8. g3 Be6
9. c5 d4 10. Ne4 Nxe4 11. dxe4 Bxa2 12. Rb2 Bc4 13. exd4 exd4 14. Rd2 d3 15.
Nf4 Bc3 16. Bb2 Bxb4 17. Qa4 Qa5 18. Qd1 Qxc5 19. Bg2 Nd7 20. O-O Bxd2 21. Qxd2
Bb5 22. Re1 Qe7 23. Qc3 f6 24. Nxd3 Bxd3 25. Qxd3 Ne5 26. Qb3+ Qf7 27. Qc2 Rad8
28. f4 Nd3 29. Rb1 Nxb2 30. Rxb2 Rd4 31. Bf1 Rfd8 32. Be2 Kg7 33. Qc3 Rxe4 34.
Qa5 b6 35. Qc3 c5 36. Bf3 Red4 37. Be2 Qe6 38. Qf3 Qe4 39. Qf2 Rd2 40. Rxd2
Rxd2 41. Qf3 Rxe2 0-1

[Event "SVM_Regionalliga_2023-24"]
[Site "?"]
[Date "2024.01.14"]
[Round "6.8"]
[White "Van den Brink, Frederik Johannes"]
[Black "Reckers, Jürgen"]
[Result "1/2-1/2"]
[WhiteElo "1715"]
[BlackElo "1328"]
[PlyCount "50"]
[EventDate "2024.01.14"]
[SourceDate "2024.01.14"]
[WhiteTeam "Arminia Eilendorf 1"]
[BlackTeam "Turm Euskirchen 1"]

1. d4 e6 2. c4 c5 3. d5 d6 4. Nc3 g6 5. dxe6 Bxe6 6. e4 Bg7 7. Be3 Nc6 8. Rc1
Nge7 9. Nf3 O-O 10. Be2 Ne5 11. Nxe5 Bxe5 12. O-O Nc6 13. Qd2 a6 14. b3 f5 15.
exf5 Rxf5 16. Bg4 Rf6 17. Bxe6+ Rxe6 18. Qd5 Qe7 19. Qd2 Rf8 20. Nd5 Qf7 21.
Bh6 Rfe8 22. Rce1 Nd4 23. f4 Bg7 24. Bxg7 Rxe1 25. Rxe1 Rxe1+ {(=)} 1/2-1/2

[Event "SVM_Regionalliga_2023-24"]
[Site "?"]
[Date "2024.02.04"]
[Round "7.1"]
[White "Karimi, Farhad"]
[Black "Vandenbergen, Nicolas"]
[Result "0-1"]
[WhiteElo "2069"]
[BlackElo "2133"]
[PlyCount "98"]
[EventDate "2024.02.04"]
[WhiteTeam "Satranç Club 1"]
[BlackTeam "Turm Euskirchen 1"]

1. d4 d5 2. c4 Nc6 3. Nc3 dxc4 4. d5 Ne5 5. Nf3 Nxf3+ 6. exf3 Nf6 7. Bxc4 g6 8.
Bg5 Bg7 9. Qd2 O-O 10. h4 h5 11. g4 hxg4 12. Bxf6 exf6 13. O-O-O Bf5 14. Rdg1
gxf3 15. h5 g5 16. h6 Bh8 17. Qf4 Bh7 18. Qxf3 Re8 19. d6 Bg6 20. h7+ Kf8 21.
Qh3 Re5 22. f4 gxf4 23. Qh6+ Ke8 24. Rxg6 fxg6 25. d7+ Ke7 26. Qxg6 c6 27. Rd1
Qf8 28. Ne4 Rd8 29. Nd6 Rxd7 30. Nf5+ Kd8 31. Qg8 Re8 32. Rxd7+ Kxd7 33. Be6+
Kc7 34. Kb1 Kb6 35. a3 f3 36. Qg1+ Qc5 37. Qd1 f2 38. Ng3 Rxe6 39. Qb3+ Qb5 40.
Qxe6 f1=Q+ 41. Nxf1 Qxf1+ 42. Ka2 f5 43. Qg8 Be5 44. h8=Q Bxh8 45. Qxh8 Qc4+
46. Ka1 f4 47. b4 Qd3 48. Qe5 Qxa3+ 49. Kb1 Qxb4+ 0-1

[Event "SVM_Regionalliga_2023-24"]
[Site "?"]
[Date "2024.02.04"]
[Round "7.2"]
[White "Brinkmann, Sven"]
[Black "Manay, Güven"]
[Result "1/2-1/2"]
[WhiteElo "1998"]
[BlackElo "1865"]
[PlyCount "97"]
[EventDate "2024.02.04"]
[WhiteTeam "Turm Euskirchen 1"]
[BlackTeam "Satranç Club 1"]

1. e4 c6 2. d4 d5 3. Nc3 dxe4 4. Nxe4 Bf5 5. Ng3 Bg6 6. Nf3 e6 7. Bd3 Bxd3 8.
Qxd3 Nf6 9. O-O c5 10. Re1 Nc6 11. Be3 Qb6 12. Qb3 Qxb3 13. axb3 Nd5 14. Ne4
Nxe3 15. fxe3 cxd4 16. exd4 O-O-O 17. c3 Kb8 18. b4 Rc8 19. b5 Nd8 20. Ra4 b6
21. Rea1 Rc7 22. Ne5 Be7 23. Nc4 f5 24. Nf2 Rb7 25. Nd3 Nf7 26. Nce5 Nd8 27.
Nf4 Bd6 28. Nc6+ Nxc6 29. bxc6 Re7 30. Nxe6 Rxe6 31. Rxa7 Re1+ 32. Rxe1 Kxa7
33. Re6 Rd8 34. c7 Bxc7 35. Re7 Kb7 36. Rxg7 Rh8 37. c4 h5 38. d5 Rh6 39. b4
Kc8 40. Rf7 Bd6 41. c5 bxc5 42. bxc5 Bxc5+ 43. Kf1 Bd6 44. g3 h4 45. Rxf5 h3
46. Kf2 Be7 47. Kf3 Bc5 48. Kg4 Bg1 49. Rh5 1/2-1/2

[Event "SVM_Regionalliga_2023-24"]
[Site "?"]
[Date "2024.02.04"]
[Round "7.3"]
[White "Schüler, Hans-Ulrich"]
[Black "Viganske, Christian"]
[Result "0-1"]
[WhiteElo "1927"]
[BlackElo "2036"]
[PlyCount "80"]
[EventDate "2024.02.04"]
[WhiteTeam "Satranç Club 1"]
[BlackTeam "Turm Euskirchen 1"]

1. e4 c5 2. a3 g6 3. Bc4 Bg7 4. Nc3 Nc6 5. d3 d6 6. f4 e6 7. Nf3 Nge7 8. O-O a6
9. Qe1 b5 10. Ba2 b4 11. axb4 Nxb4 12. Bb3 O-O 13. Be3 Rb8 14. Qd2 Qc7 15. Ra3
d5 16. Bf2 Rd8 17. Qc1 Bb7 18. Ba4 Bc6 19. Bxc5 Bxa4 20. Bxe7 Qxe7 21. Nxa4 Qc7
22. c4 dxe4 23. dxe4 Nd3 24. Qc2 Nxb2 25. c5 Nxa4 26. Rxa4 Rb2 27. Qc1 Qc6 28.
Rc4 Rdb8 29. Ne5 Bxe5 30. fxe5 a5 31. h4 a4 32. h5 a3 33. Qg5 Rb1 34. Rcc1 Rxc1
35. Qxc1 a2 36. hxg6 hxg6 37. Qa1 Qxc5+ 38. Kh2 Ra8 39. Rc1 Qf2 40. Rf1 Qxf1
0-1